000 00595cam a22001937a 4500
020 _a0446607258 (pbk.)
020 _a9780446607254 (pbk.)
020 _a9780446574754 (pbk.)
020 _a0446574759 (pbk.)
050 0 0 _aBL310
_b.H36 2011
100 1 _aHamilton, Edith,
_d1867-1963.
245 1 0 _aMythology :
_btimeless tales of gods and heroes /
_cEdith Hamilton.
250 _aOversized ed.
260 _aNew York, NY :
_bGrand Central Pub.,
_c2011.
300 _a495 p. :
500 _aOriginally published: Boston : Little, Brown, c1942.
500 _aIncludes index.
942 _2lcc
_cGEN
999 _c6085
_d6085